Hamburger SV - Torschützen 2005/06 - Statistiken

Allgemein
  • Dieses Quiz wurde 56 mal gespielt
  • Das Durchschnittsergebnis liegt bei 8 aus 15
Antwortstatistiken
Tore Spieler % Korrekt
9 Rafael van der Vaart
88%
9 Sergej Barbarez
84%
5 Piotr Trochowski
66%
1 Thimothée Atouba
66%
2 Daniel Van Buyten
64%
2 David Jarolím
64%
1 Guy Demel
64%
5 Mehdi Mahdavikia
56%
6 Benjamin Lauth
54%
3 Ailton
50%
1 Nigel de Jong
50%
1 Naohiro Takahara
40%
1 Émile Mpenza
34%
1 Raphaël Wicky
34%
1 Mustafa Kučuković
14%
Keine übereinstimmenden Quizze gefunden
Verteilung der Resultate
Anzahl Personen mit jedem Resultat
Perzentil nach korrekt beantworteten Fragen
Ihre Resultats-Entwicklung
Sie haben dieses Quiz noch nicht gespielt